000 00812nam a2200229Ia 4500
001 9384
003 GE_BSU
008 181216s||||||||xx |||||||||||||| ||und||
040 _cGE_BSU
080 _a821.353.1–1
100 _aმამფორია,ოთარ
245 _aეტლი წუთისოფლისა
245 _bპოემა და ლექსები
245 _cრედ.ვახტანგ ჯავახაძე.მხატვ.ვახტანგ ონიანი
260 _aთბილისი
260 _bსაბჭოთა საქართველო
260 _c1970
300 _a138გვ.16სმ.
653 _aეტლი წუთისოფლისა
653 _aპოემა და ლექსები
942 _cBK
999 _c42680
_d42680